| 000 | 01172cam a22003254a 4500 | ||
|---|---|---|---|
| 999 |
_c536 _d536 |
||
| 001 | 15180846 | ||
| 003 | OSt | ||
| 005 | 20210615084223.0 | ||
| 008 | 080214s2007 enka 001 0 eng | ||
| 010 | _a 2008271392 | ||
| 020 | _a9780199151240 | ||
| 020 | _a0199151245 | ||
| 040 |
_aDLC _cDLC _dDLC |
||
| 050 | 0 | 0 |
_aHB74.5 _b.B57 2007 |
| 100 | 1 | _aBlink, Jocelyn. | |
| 245 | 1 | 0 |
_aEconomics : _bcourse companion / _cJocelyn Blink, Ian Dorton. |
| 260 |
_aOxford ; _aNew York : _bOxford University Press, _c2007. |
||
| 300 |
_a399 p. : _bill. ; _c28 cm. |
||
| 490 | 0 | _aIB diploma programme | |
| 500 | _aIncludes index. | ||
| 650 | 0 |
_aEconomics _xStudy and teaching (Secondary) |
|
| 650 | 0 |
_aEconomics _vExaminations, questions, etc. |
|
| 650 | 0 |
_aInternational baccalaureate _vStudy guides. |
|
| 700 | 1 | _aDorton, Ian. | |
| 856 | 4 | 2 |
_3Publisher description _uhttp://www.loc.gov/catdir/enhancements/fy0907/2008271392-d.html |
| 856 | 4 | 1 |
_3Table of contents only _uhttp://www.loc.gov/catdir/enhancements/fy1307/2008271392-t.html |
| 906 |
_a7 _bcbc _corigres _d3 _encip _f20 _gy-gencatlg |
||
| 942 |
_2lcc _cBK _nSO |
||